000 00557nam a2200205Ia 4500
005 20250508163147.0
008 008 250505s9999 xx 000 0 hin d
037 _aTextBook
040 _aFEDL
_beng
_cFEDL
041 _ahin
_2hin
084 _a491.4307, YOG
_qFEDL
100 _aYogenderjeet
_9774829
245 0 _aHindi bhasha - shikshan
260 _aAgra, India
_bVinod Pustak Mandir
_c1975
300 _a428p.
365 _aINR
_b10
650 _aHindi Bhasha
_9413622
942 _cTB
_h491.4307, YOG
999 _c1381223
_d1381223